000 00403nam a22001577a 4500
005 20251108164242.0
008 250721s1983 xx 000 0 ara d
082 1 4 _a920/محم
100 1 _aمحمود، زكي نجيب
245 1 0 _aقصة عقل /
264 1 _aالقاهرة :
_bدار الشروق،
_c1983.
300 _a269 ص
650 1 7 _aالتراجم
942 _2ddc
_cBK
999 _c7532
_d7532